000 00748cam a22001815a 4500
001 L156707
008 120626s1821 xxk f 000 0 eng d
035 _a(Sirsi) u156707
041 0 _aeng
100 1 _aRobson, I.
245 0 2 _aA treatise on geodesic operations, or county surveying, land surveying, and levelling
_cBy I. Robson, Master of the classical and Mathematical Academy, in the city of Durham
260 _aDurham ; [London]
_bPrinted by F. Humble and Co ... for Baldwin, Cradock, and Joy, London; and George Andrews ...
_c1821
300 _a298 p., 6 folded leaves of plates
_bill.
_c23 cm.
583 _aCondition reviewed
_c20120620
_lcondition level 2
651 4 _aGreat Britain
_y1707-
690 _aGeomatics
_96242
942 _n0
999 _c114375
_d114375